[Event "Bundesliga 9798"]
[Site "Deutschland"]
[Date "1998.??.??"]
[Round "?.1"]
[White "Balashov, Yuri S"]
[Black "Lutz, Christopher"]
[Result "1/2-1/2"]
[WhiteElo "2550"]
[BlackElo "2590"]
[PlyCount "51"]
[EventDate "1997.10.??"]
[EventType "team"]
[EventRounds "15"]
[EventCountry "GER"]
[SourceTitle "Bundesliga 9798"]
[Source "DeepChess"]
[SourceDate "2005.01.01"]
[SourceVersion "1"]
[SourceVersionDate "2005.01.01"]
[SourceQuality "1"]
[WhiteTeam "SVG Plettenberg"]
[BlackTeam "SG Porz e.V."]
[WhiteTeamCountry "GER"]
[BlackTeamCountry "GER"]

1. e4 c5 2. Nf3 d6 3. Nc3 Nc6 4. d4 cxd4 5. Nxd4 e6 6. Be2 Nf6 7. O-O Be7 8.
Be3 O-O 9. f4 a6 10. a4 Qc7 11. Qe1 Nxd4 12. Bxd4 e5 13. fxe5 dxe5 14. Qg3 Bc5
15. Bxc5 Qxc5+ 16. Kh1 Ne8 17. Nd5 Qxc2 18. Bd3 Qxb2 19. Rab1 Qd4 20. Rb4 Qc5
21. Qxe5 Kh8 22. Rc4 Qd6 23. Qh5 f5 24. Nf4 Nf6 25. e5 Qxd3 26. Ng6+ 1/2-1/2

[Event "Bundesliga 9798"]
[Site "Deutschland"]
[Date "1998.??.??"]
[Round "?.3"]
[White "Luecke, Norbert"]
[Black "Khalifman, Alexander"]
[Result "0-1"]
[WhiteElo "2375"]
[BlackElo "2655"]
[PlyCount "178"]
[EventDate "1997.10.??"]
[EventType "team"]
[EventRounds "15"]
[EventCountry "GER"]
[SourceTitle "Bundesliga 9798"]
[Source "DeepChess"]
[SourceDate "2005.01.01"]
[SourceVersion "1"]
[SourceVersionDate "2005.01.01"]
[SourceQuality "1"]
[WhiteTeam "SVG Plettenberg"]
[BlackTeam "SG Porz e.V."]
[WhiteTeamCountry "GER"]
[BlackTeamCountry "GER"]

1. e4 d6 2. d4 Nf6 3. Nc3 g6 4. g3 Bg7 5. Bg2 O-O 6. Nge2 Nbd7 7. O-O c5 8. h3
Rb8 9. dxc5 Nxc5 10. Be3 b6 11. g4 Bb7 12. Ng3 Nfd7 13. Qd2 Ne5 14. b3 Rc8 15.
Nb5 a6 16. Nd4 Nc6 17. c3 Qc7 18. Bh6 Bxh6 19. Qxh6 e5 20. Nde2 Ne6 21. Rfd1 b5
22. Nf5 Rcd8 23. Ne3 Ne7 24. c4 Kh8 25. Nd5 Nxd5 26. cxd5 Nc5 27. b4 Na4 28.
Rac1 Qe7 29. f4 Nb2 30. Rf1 exf4 31. Nxf4 Nc4 32. Rc3 Ne5 33. Nd3 Nxd3 34. Rxd3
Kg8 35. h4 Bc8 36. h5 Bxg4 37. Rg3 Bc8 38. Bh3 Qe5 39. Qf4 Qxf4 40. Rxf4 Bxh3
41. Rxh3 Rde8 42. Rf6 Rxe4 43. Rxd6 Rxb4 44. Rxa6 Rd4 45. d6 Rd8 46. Rb3 R4xd6
47. Rxd6 Rxd6 48. h6 Rd1+ 49. Kg2 Rd2+ 50. Kg3 Rxa2 51. Rxb5 Ra8 52. Kf4 Kf8
53. Rb7 Rd8 54. Ke5 Re8+ 55. Kf4 Re1 56. Ra7 Re2 57. Rb7 Rh2 58. Rb8+ Ke7 59.
Rb7+ Ke6 60. Rb6+ Kd5 61. Rb7 Rxh6 62. Rxf7 Ke6 63. Ra7 Rh5 64. Kg4 Kf6 65. Rb7
Rh1 66. Rb6+ Kg7 67. Rb7+ Kh6 68. Ra7 Rb1 69. Ra4 Rb7 70. Rc4 Kg7 71. Ra4 h5+
72. Kh4 Kh6 73. Ra6 Rb4+ 74. Kh3 Re4 75. Rb6 Kg5 76. Ra6 Re3+ 77. Kg2 h4 78.
Kh2 Kh5 79. Ra8 g5 80. Ra5 Kg4 81. Ra4+ Kf5 82. Ra5+ Kf4 83. Ra4+ Re4 84. Ra2
g4 85. Rf2+ Kg5 86. Rf8 Re2+ 87. Kg1 g3 88. Rg8+ Kf4 89. Kf1 Ra2 0-1

[Event "Bundesliga 9798"]
[Site "Deutschland"]
[Date "1998.??.??"]
[Round "?.5"]
[White "Luethgens, Eike"]
[Black "Vaganian, Rafael A"]
[Result "0-1"]
[WhiteElo "2305"]
[BlackElo "2640"]
[PlyCount "60"]
[EventDate "1997.10.??"]
[EventType "team"]
[EventRounds "15"]
[EventCountry "GER"]
[SourceTitle "Bundesliga 9798"]
[Source "DeepChess"]
[SourceDate "2005.01.01"]
[SourceVersion "1"]
[SourceVersionDate "2005.01.01"]
[SourceQuality "1"]
[WhiteTeam "SVG Plettenberg"]
[BlackTeam "SG Porz e.V."]
[WhiteTeamCountry "GER"]
[BlackTeamCountry "GER"]

1. e4 e6 2. d4 d5 3. Nc3 Bb4 4. e5 b6 5. Qg4 Bf8 6. Bg5 Qd7 7. f4 Ba6 8. Bxa6
Nxa6 9. Nf3 h6 10. Bh4 h5 11. Qh3 Nh6 12. Bg5 Nf5 13. O-O-O c5 14. Rhe1 Nc7 15.
g4 hxg4 16. Qxh8 gxf3 17. dxc5 bxc5 18. Qh3 Nd4 19. f5 exf5 20. Be3 Nce6 21.
Bxd4 cxd4 22. Nb1 Qa4 23. Qxf3 Qxa2 24. Rd3 g6 25. Ra3 Bxa3 26. Qxa3 Qxa3 27.
Nxa3 a6 28. Kd2 Kd7 29. b4 Rh8 30. Re2 Rh3 0-1

[Event "Bundesliga 9798"]
[Site "Deutschland"]
[Date "1998.??.??"]
[Round "?.6"]
[White "Hansen, Curt"]
[Black "Oswald, Hans Joachim"]
[Result "1-0"]
[WhiteElo "2600"]
[BlackElo "2330"]
[PlyCount "75"]
[EventDate "1997.10.??"]
[EventType "team"]
[EventRounds "15"]
[EventCountry "GER"]
[SourceTitle "Bundesliga 9798"]
[Source "DeepChess"]
[SourceDate "2005.01.01"]
[SourceVersion "1"]
[SourceVersionDate "2005.01.01"]
[SourceQuality "1"]
[WhiteTeam "SG Porz e.V."]
[BlackTeam "SVG Plettenberg"]
[WhiteTeamCountry "GER"]
[BlackTeamCountry "GER"]

1. Nf3 Nf6 2. c4 Nc6 3. d4 d6 4. Nc3 e5 5. d5 Ne7 6. e4 Ng6 7. g3 Be7 8. h4 h5
9. Be2 Bg4 10. Nh2 Bxe2 11. Qxe2 Nf8 12. Be3 N8d7 13. O-O-O c5 14. f3 a6 15.
Bf2 Qa5 16. Be1 O-O 17. Kb1 Rfb8 18. Nf1 Qc7 19. Ne3 Bf8 20. g4 g6 21. a4 Nb6
22. Kc2 Qd7 23. Ra1 Nc8 24. Bd2 Na7 25. Ra3 b5 26. axb5 axb5 27. cxb5 Rb7 28.
Nc4 Rab8 29. g5 Ne8 30. b6 Nc8 31. Na4 Be7 32. Na5 Nxb6 33. Nxb7 Nxa4 34. Qa6
Nxb2 35. Rb3 Na4 36. Ra1 c4 37. Rb4 Nc5 38. Nxc5 1-0

[Event "Bundesliga 9798"]
[Site "Deutschland"]
[Date "1998.??.??"]
[Round "?.7"]
[White "Schlecht, Daniel"]
[Black "Vogt, Lothar"]
[Result "1-0"]
[WhiteElo "2270"]
[BlackElo "2515"]
[PlyCount "77"]
[EventDate "1997.10.??"]
[EventType "team"]
[EventRounds "15"]
[EventCountry "GER"]
[SourceTitle "Bundesliga 9798"]
[Source "DeepChess"]
[SourceDate "2005.01.01"]
[SourceVersion "1"]
[SourceVersionDate "2005.01.01"]
[SourceQuality "1"]
[WhiteTeam "SVG Plettenberg"]
[BlackTeam "SG Porz e.V."]
[WhiteTeamCountry "GER"]
[BlackTeamCountry "GER"]

1. d4 Nf6 2. c4 g6 3. Nc3 Bg7 4. e4 d6 5. Nf3 O-O 6. Be2 e5 7. O-O Nbd7 8. Be3
c6 9. d5 c5 10. Ne1 Ne8 11. g4 a6 12. a3 Kh8 13. Kh1 Ndf6 14. b4 b6 15. Rg1 Bd7
16. Rb1 Ng8 17. Nd3 f5 18. f3 Bh6 19. g5 Bg7 20. a4 a5 21. bxc5 dxc5 22. Qb3
Ra6 23. Nxc5 bxc5 24. Bxc5 fxe4 25. fxe4 Rf4 26. Be3 Rh4 27. c5 Ra8 28. Qb7 Nc7
29. c6 Bc8 30. Qb6 Ba6 31. Bxa6 Rxa6 32. Qb8 Qd6 33. Rb7 Rh3 34. Rg3 Rxg3 35.
hxg3 Rxc6 36. dxc6 Qe6 37. Kg2 Na6 38. Qd8 Qxc6 39. Qd7 1-0

[Event "Bundesliga 9798"]
[Site "Deutschland"]
[Date "1998.??.??"]
[Round "?.8"]
[White "Van der Wiel, John TH"]
[Black "Kuhnen, Thomas"]
[Result "1-0"]
[WhiteElo "2525"]
[BlackElo "2132"]
[PlyCount "45"]
[EventDate "1997.10.??"]
[EventType "team"]
[EventRounds "15"]
[EventCountry "GER"]
[SourceTitle "Bundesliga 9798"]
[Source "DeepChess"]
[SourceDate "2005.01.01"]
[SourceVersion "1"]
[SourceVersionDate "2005.01.01"]
[SourceQuality "1"]
[WhiteTeam "SG Porz e.V."]
[BlackTeam "SVG Plettenberg"]
[WhiteTeamCountry "GER"]
[BlackTeamCountry "GER"]

1. e4 c5 2. Nf3 e6 3. d4 cxd4 4. Nxd4 a6 5. Bd3 Nc6 6. Nxc6 bxc6 7. O-O Qc7 8.
Nd2 Nf6 9. Qe2 Bb7 10. e5 Nd5 11. Nc4 c5 12. Rd1 Nb6 13. Na5 c4 14. Nxc4 Nxc4
15. Bxc4 Qc6 16. f3 Bc5+ 17. Kh1 O-O 18. Bg5 f6 19. exf6 gxf6 20. Rxd7 Rae8 21.
Qd3 Re7 22. Rxe7 Bxe7 23. Re1 1-0

[Event "Bundesliga 9798"]
[Site "Deutschland"]
[Date "1998.??.??"]
[Round "?.1"]
[White "Lutz, Christopher"]
[Black "Womacka, Mathias"]
[Result "1-0"]
[WhiteElo "2590"]
[BlackElo "2475"]
[PlyCount "79"]
[EventDate "1997.10.??"]
[EventType "team"]
[EventRounds "15"]
[EventCountry "GER"]
[SourceTitle "Bundesliga 9798"]
[Source "DeepChess"]
[SourceDate "2005.01.01"]
[SourceVersion "1"]
[SourceVersionDate "2005.01.01"]
[SourceQuality "1"]
[WhiteTeam "SG Porz e.V."]
[BlackTeam "USG Chemnitz"]
[WhiteTeamCountry "GER"]
[BlackTeamCountry "GER"]

1. e4 c5 2. Nf3 d6 3. d4 cxd4 4. Nxd4 Nf6 5. Nc3 a6 6. Be2 e5 7. Nb3 Be7 8. O-O
O-O 9. Be3 Be6 10. f4 exf4 11. Rxf4 Nc6 12. Nd5 Ne5 13. Nxe7+ Qxe7 14. Bd4 g5
15. Rf1 Nxe4 16. Nd2 Nxd2 17. Qxd2 f6 18. b3 Rad8 19. Rae1 Bf7 20. a4 Bg6 21.
c4 h6 22. Qc3 Be4 23. Bh5 Qh7 24. c5 d5 25. Bxe5 fxe5 26. Qxe5 Qg7 27. Qe6+ Kh7
28. Bf7 a5 29. Rf2 Qd4 30. Qe7 Kh8 31. Ref1 Rc8 32. Kh1 Qxc5 33. Qf6+ Kh7 34.
Rf5 Qc6 35. Bg6+ Kg8 36. Bf7+ Kh7 37. Bg6+ Kg8 38. Qe7 Rxf5 39. Qh7+ Kf8 40.
Rxf5+ 1-0

[Event "Bundesliga 9798"]
[Site "Deutschland"]
[Date "1998.??.??"]
[Round "?.2"]
[White "Roesch, Arnd"]
[Black "Van Wely, Loek"]
[Result "0-1"]
[WhiteElo "2350"]
[BlackElo "2655"]
[PlyCount "70"]
[EventDate "1997.10.??"]
[EventType "team"]
[EventRounds "15"]
[EventCountry "GER"]
[SourceTitle "Bundesliga 9798"]
[Source "DeepChess"]
[SourceDate "2005.01.01"]
[SourceVersion "1"]
[SourceVersionDate "2005.01.01"]
[SourceQuality "1"]
[WhiteTeam "USG Chemnitz"]
[BlackTeam "SG Porz e.V."]
[WhiteTeamCountry "GER"]
[BlackTeamCountry "GER"]

1. d4 Nf6 2. g3 d5 3. Nf3 c6 4. Bg2 Bf5 5. O-O h6 6. Nbd2 e6 7. b3 Nbd7 8. Bb2
a5 9. a4 Bb4 10. Ne5 O-O 11. Nxd7 Qxd7 12. c3 Bd6 13. Re1 b5 14. e4 dxe4 15.
Nxe4 Nxe4 16. Bxe4 Bxe4 17. Rxe4 Rfd8 18. Qc2 Be7 19. Ree1 Qb7 20. axb5 cxb5
21. c4 Bf6 22. Red1 Qb6 23. c5 Qc6 24. Qc3 b4 25. Qc4 Rd5 26. Qe2 Ra7 27. Ra4
Bd8 28. Rda1 Rad7 29. Rxa5 Bxa5 30. Rxa5 e5 31. Ra6 Qc8 32. c6 R7d6 33. dxe5
Rxc6 34. Rxc6 Qxc6 35. h4 Qd7 0-1

[Event "Bundesliga 9798"]
[Site "Deutschland"]
[Date "1998.??.??"]
[Round "?.3"]
[White "Khalifman, Alexander"]
[Black "Kunze, Carlo"]
[Result "1-0"]
[WhiteElo "2655"]
[BlackElo "2340"]
[PlyCount "127"]
[EventDate "1997.10.??"]
[EventType "team"]
[EventRounds "15"]
[EventCountry "GER"]
[SourceTitle "Bundesliga 9798"]
[Source "DeepChess"]
[SourceDate "2005.01.01"]
[SourceVersion "1"]
[SourceVersionDate "2005.01.01"]
[SourceQuality "1"]
[WhiteTeam "SG Porz e.V."]
[BlackTeam "USG Chemnitz"]
[WhiteTeamCountry "GER"]
[BlackTeamCountry "GER"]

1. e4 e5 2. Nf3 Nc6 3. Bb5 a6 4. Ba4 Nf6 5. O-O b5 6. Bb3 Be7 7. Re1 O-O 8. c3
d6 9. h3 Nb8 10. d4 Nbd7 11. Nbd2 Bb7 12. Bc2 Re8 13. a4 c5 14. d5 c4 15. Nf1
Bf8 16. Ng3 g6 17. Bg5 h6 18. Be3 Bg7 19. Qd2 h5 20. Bg5 Qe7 21. Ra3 Qf8 22.
Rea1 Nc5 23. Qe2 Rec8 24. Qd1 Qe8 25. Nh4 Nh7 26. Be3 Bf6 27. Nf3 Qd8 28. Nf1
Ng5 29. N3d2 Kg7 30. Qe2 Qc7 31. f3 Nh7 32. b3 cxb3 33. Bxb3 bxa4 34. Bc2 Bg5
35. c4 Bxe3+ 36. Qxe3 Nf6 37. Bxa4 Nxa4 38. Rxa4 Nd7 39. Ra5 Rcb8 40. Qc3 Bc8
41. Kh2 Kg8 42. Nb3 Qb6 43. Nfd2 Qf2 44. Qc1 Rb4 45. Qe1 Qxe1 46. Rxe1 Rab8 47.
Ra3 Kg7 48. Rc1 h4 49. Rc2 Kf6 50. Kg1 Kg5 51. Rc3 Kf4 52. Kf2 f5 53. Nc1 Nc5
54. Ndb3 fxe4 55. Nxc5 dxc5 56. Ne2+ Kg5 57. fxe4 R8b6 58. Ra5 Rf6+ 59. Ke3 Rb1
60. Rxc5 Bd7 61. Rc7 Ba4 62. Re7 Re1 63. Rxe5+ Kh6 64. Rd3 1-0

[Event "Bundesliga 9798"]
[Site "Deutschland"]
[Date "1998.??.??"]
[Round "?.5"]
[White "Hansen, Curt"]
[Black "Kyas, Juergen"]
[Result "1-0"]
[WhiteElo "2600"]
[BlackElo "2265"]
[PlyCount "61"]
[EventDate "1997.10.??"]
[EventType "team"]
[EventRounds "15"]
[EventCountry "GER"]
[SourceTitle "Bundesliga 9798"]
[Source "DeepChess"]
[SourceDate "2005.01.01"]
[SourceVersion "1"]
[SourceVersionDate "2005.01.01"]
[SourceQuality "1"]
[WhiteTeam "SG Porz e.V."]
[BlackTeam "USG Chemnitz"]
[WhiteTeamCountry "GER"]
[BlackTeamCountry "GER"]

1. c4 c5 2. Nf3 Nf6 3. Nc3 b6 4. e4 d6 5. d4 cxd4 6. Nxd4 Bb7 7. f3 e6 8. Be2
Be7 9. Qa4+ Nfd7 10. O-O O-O 11. Be3 a6 12. Rfd1 Qc7 13. Qc2 Nf6 14. Rac1 Nbd7
15. b4 Rac8 16. Qb1 Qb8 17. Kh1 Rfe8 18. Bg1 Bd8 19. Bf1 Qa8 20. Nb3 Bc7 21. a4
d5 22. cxd5 exd5 23. Nxd5 Nxd5 24. exd5 Bd6 25. b5 a5 26. Rc6 Bb4 27. Bd4 Rcd8
28. Bd3 h6 29. Bh7+ Kf8 30. Qc1 f6 31. Bxf6 1-0

[Event "Bundesliga 9798"]
[Site "Deutschland"]
[Date "1998.??.??"]
[Round "?.6"]
[White "Helbig, Uwe"]
[Black "Stangl, Markus"]
[Result "0-1"]
[WhiteElo "2240"]
[BlackElo "2530"]
[PlyCount "80"]
[EventDate "1997.10.??"]
[EventType "team"]
[EventRounds "15"]
[EventCountry "GER"]
[SourceTitle "Bundesliga 9798"]
[Source "DeepChess"]
[SourceDate "2005.01.01"]
[SourceVersion "1"]
[SourceVersionDate "2005.01.01"]
[SourceQuality "1"]
[WhiteTeam "USG Chemnitz"]
[BlackTeam "SG Porz e.V."]
[WhiteTeamCountry "GER"]
[BlackTeamCountry "GER"]

1. d4 d5 2. Nf3 e6 3. c3 c5 4. Bf4 Nc6 5. e3 Bd6 6. Bg3 Nf6 7. Nbd2 Qe7 8. Ne5
Nd7 9. f4 O-O 10. Bd3 f5 11. O-O Bc7 12. Ndf3 Ndxe5 13. fxe5 g5 14. h4 g4 15.
Nd2 Rb8 16. a3 a5 17. a4 Bd7 18. Be2 h5 19. Nb1 Na7 20. Qe1 b5 21. Bf4 bxa4 22.
Bg5 Qg7 23. Ra2 Rb7 24. Rf2 Rfb8 25. Bf1 Nc6 26. Na3 Rb3 27. Rd2 R8b7 28. Be2
cxd4 29. exd4 Nxe5 30. dxe5 Bxe5 31. Bd1 R3b4 32. Nc2 Rxb2 33. Nd4 Rxa2 34.
Rxa2 Bxd4+ 35. cxd4 Qxd4+ 36. Be3 Qe4 37. Rd2 f4 38. Bf2 Qxe1+ 39. Bxe1 Rb1 40.
Kf1 a3 0-1

[Event "Bundesliga 9798"]
[Site "Deutschland"]
[Date "1998.??.??"]
[Round "?.7"]
[White "Vogt, Lothar"]
[Black "Ahner, Andreas"]
[Result "1-0"]
[WhiteElo "2515"]
[BlackElo "2250"]
[PlyCount "85"]
[EventDate "1997.10.??"]
[EventType "team"]
[EventRounds "15"]
[EventCountry "GER"]
[SourceTitle "Bundesliga 9798"]
[Source "DeepChess"]
[SourceDate "2005.01.01"]
[SourceVersion "1"]
[SourceVersionDate "2005.01.01"]
[SourceQuality "1"]
[WhiteTeam "SG Porz e.V."]
[BlackTeam "USG Chemnitz"]
[WhiteTeamCountry "GER"]
[BlackTeamCountry "GER"]

1. e4 e6 2. d4 d5 3. Nc3 dxe4 4. Nxe4 Nd7 5. Nf3 Ngf6 6. Nxf6+ Nxf6 7. Bd3 c5
8. dxc5 Bxc5 9. O-O O-O 10. Bg5 b6 11. Qe2 Bb7 12. Rad1 Qc7 13. Ne5 Be7 14.
Rfe1 Rad8 15. Qe3 Nd5 16. Qh3 f5 17. Nf3 Bc8 18. Qh4 h6 19. Bxe7 Nxe7 20. b3
Nc6 21. Qc4 Rd5 22. a4 Rfd8 23. Re3 Qd6 24. Qc3 Kh8 25. Rde1 Rc5 26. Bc4 Qf4
27. Qb2 Nd4 28. Ne5 Rxe5 29. Rxe5 Bb7 30. R5e3 Qg5 31. Rg3 Qh5 32. Bf1 f4 33.
Rd3 e5 34. Kh1 Rf8 35. Rxd4 exd4 36. Qxd4 Qg5 37. f3 Rd8 38. Qc3 Rc8 39. Qd2
Rd8 40. Bd3 Rf8 41. Qb4 Rc8 42. Qe7 Qxe7 43. Rxe7 1-0

[Event "Bundesliga 9798"]
[Site "Deutschland"]
[Date "1998.??.??"]
[Round "?.8"]
[White "Pester, Karl Heinz"]
[Black "Hort, Vlastimil"]
[Result "0-1"]
[WhiteElo "2054"]
[BlackElo "2510"]
[PlyCount "106"]
[EventDate "1997.10.??"]
[EventType "team"]
[EventRounds "15"]
[EventCountry "GER"]
[SourceTitle "Bundesliga 9798"]
[Source "DeepChess"]
[SourceDate "2005.01.01"]
[SourceVersion "1"]
[SourceVersionDate "2005.01.01"]
[SourceQuality "1"]
[WhiteTeam "USG Chemnitz"]
[BlackTeam "SG Porz e.V."]
[WhiteTeamCountry "GER"]
[BlackTeamCountry "GER"]

1. e4 c5 2. Nc3 Nc6 3. g3 g6 4. Bg2 Bg7 5. d3 e6 6. f4 Nge7 7. Nf3 d6 8. O-O
O-O 9. Rb1 b6 10. Bd2 Bb7 11. Ne2 Rc8 12. Bc3 e5 13. g4 exf4 14. Bxg7 Kxg7 15.
Qd2 Ne5 16. Qxf4 N7c6 17. g5 f6 18. Nxe5 dxe5 19. gxf6+ Rxf6 20. Qxf6+ Qxf6 21.
Rxf6 Kxf6 22. Rf1+ Ke7 23. Kf2 Nd4 24. c3 Ne6 25. Ke3 Rd8 26. Bh3 Ng5 27. Bg2
Ba6 28. c4 Ne6 29. Bh3 Ng5 30. Bg2 Rf8 31. Nc3 Rxf1 32. Bxf1 Bc8 33. Nb5 a6 34.
Nc3 Kd6 35. Nd5 b5 36. Be2 Bh3 37. Nf6 h5 38. Nd5 Ne6 39. cxb5 axb5 40. Nc3 Nd4
41. a3 Be6 42. Nb1 h4 43. Nd2 g5 44. Nf3 Nxf3 45. Bxf3 g4 46. Be2 Ke7 47. Kf2
Kf6 48. Ke3 Kg5 49. Bf1 g3 50. hxg3 hxg3 51. Kf3 Kh4 52. Bg2 Bh3 53. Bh1 Bg4+
0-1

[Event "Bundesliga 9798"]
[Site "Deutschland"]
[Date "1997.??.??"]
[Round "?.3"]
[White "Baklan, Vladimir"]
[Black "Smejkal, Jan"]
[Result "1-0"]
[WhiteElo "2570"]
[BlackElo "2525"]
[PlyCount "87"]
[EventDate "1997.10.??"]
[EventType "team"]
[EventRounds "15"]
[EventCountry "GER"]
[SourceTitle "Bundesliga 9798"]
[Source "DeepChess"]
[SourceDate "2005.01.01"]
[SourceVersion "1"]
[SourceVersionDate "2005.01.01"]
[SourceQuality "1"]
[WhiteTeam "SK Zaehringen 1921"]
[BlackTeam "SK Passau 1869"]
[WhiteTeamCountry "GER"]
[BlackTeamCountry "GER"]

1. e4 e5 2. Nf3 Nc6 3. d4 exd4 4. Nxd4 Bc5 5. Be3 Qf6 6. c3 Nge7 7. Bc4 Ne5 8.
Be2 Qg6 9. O-O d6 10. f3 O-O 11. Nd2 d5 12. Kh1 Bb6 13. Bf4 Qf6 14. Bg3 N5g6
15. Re1 c6 16. exd5 Nxd5 17. Bf1 Bc7 18. Bxc7 Nxc7 19. Ne4 Qe7 20. Qd2 Be6 21.
f4 Rad8 22. f5 c5 23. fxe6 fxe6 24. Nxc5 Qxc5 25. Qe3 e5 26. Nf3 Qxe3 27. Rxe3
Nd5 28. Ree1 Nb6 29. Kg1 Rfe8 30. Re4 h6 31. Rae1 Nd7 32. g3 Re7 33. R4e3 Rde8
34. Bd3 Ngf8 35. Nh4 Nf6 36. Nf5 Rc7 37. Rxe5 Rxe5 38. Rxe5 N8d7 39. Re7 Kf8
40. Rxg7 Rc5 41. Rg6 Rd5 42. Nd4 h5 43. Rg5 Ne5 44. Be2 1-0

[Event "Bundesliga 9798"]
[Site "Deutschland"]
[Date "1997.??.??"]
[Round "?.4"]
[White "Wells, Peter K"]
[Black "Roos, Daniel"]
[Result "1-0"]
[WhiteElo "2530"]
[BlackElo "2420"]
[PlyCount "125"]
[EventDate "1997.10.??"]
[EventType "team"]
[EventRounds "15"]
[EventCountry "GER"]
[SourceTitle "Bundesliga 9798"]
[Source "DeepChess"]
[SourceDate "2005.01.01"]
[SourceVersion "1"]
[SourceVersionDate "2005.01.01"]
[SourceQuality "1"]
[WhiteTeam "SK Passau 1869"]
[BlackTeam "SK Zaehringen 1921"]
[WhiteTeamCountry "GER"]
[BlackTeamCountry "GER"]

1. e4 c6 2. d4 d5 3. e5 Bf5 4. Nf3 e6 5. a3 Ne7 6. Nbd2 h6 7. Be2 Nd7 8. O-O
Qc7 9. c4 dxc4 10. Nxc4 Nd5 11. Ne3 Nxe3 12. fxe3 Be7 13. Bd3 Bxd3 14. Qxd3 Rd8
15. Qe4 O-O 16. Bd2 c5 17. Kh1 Qc6 18. Qxc6 bxc6 19. b4 cxd4 20. exd4 Nb8 21.
Rfc1 Rd5 22. Rc4 Rfd8 23. Kg1 Kh7 24. Kf1 Kg6 25. Ke2 R8d7 26. Bc3 Rc7 27. Rc1
Rb7 28. Rc2 Rdb5 29. Nd2 Rd5 30. Nb3 Bd8 31. Nc5 Re7 32. Bb2 Bb6 33. Nb3 Red7
34. a4 Rb7 35. Bc1 Kh7 36. Be3 Re7 37. g4 Rb7 38. Kf3 Bd8 39. Nc5 Rb6 40. Nd3
Rb7 41. Nc5 Rb6 42. Bd2 Be7 43. Nb3 Kg6 44. Na5 Ra6 45. Ke4 Bd8 46. Nxc6 Nxc6
47. Rxc6 Rxa4 48. Rd6 a5 49. Rxd5 exd5+ 50. Kxd5 axb4 51. Rb2 Be7 52. Kc4 h5
53. gxh5+ Kf5 54. Kb5 Ra8 55. Bxb4 Bxb4 56. Rxb4 Ke4 57. Kc6 Rd8 58. Kc7 Rh8
59. Kc6 Rd8 60. Kc7 Rh8 61. Kd6 Rxh5 62. d5+ Kf5 63. Rb2 1-0

[Event "Bundesliga 9798"]
[Site "Deutschland"]
[Date "1997.??.??"]
[Round "?.6"]
[White "Klebel, Martin"]
[Black "Schuh, Hubert"]
[Result "1-0"]
[WhiteElo "2410"]
[BlackElo "2305"]
[PlyCount "89"]
[EventDate "1997.10.??"]
[EventType "team"]
[EventRounds "15"]
[EventCountry "GER"]
[SourceTitle "Bundesliga 9798"]
[Source "DeepChess"]
[SourceDate "2005.01.01"]
[SourceVersion "1"]
[SourceVersionDate "2005.01.01"]
[SourceQuality "1"]
[WhiteTeam "SK Passau 1869"]
[BlackTeam "SK Zaehringen 1921"]
[WhiteTeamCountry "GER"]
[BlackTeamCountry "GER"]

1. d4 d5 2. c4 dxc4 3. Nf3 c5 4. d5 e6 5. Nc3 exd5 6. Qxd5 Qxd5 7. Nxd5 Na6 8.
Bf4 Ne7 9. e4 b5 10. Nc3 Ng6 11. Bg3 Bd7 12. O-O-O Nb4 13. a3 Nd3+ 14. Bxd3
cxd3 15. Rxd3 c4 16. Rd2 Bc5 17. Rd5 Rc8 18. Ng5 Be6 19. Nxe6 fxe6 20. Rd2 b4
21. axb4 Bxb4 22. Rhd1 O-O 23. Rd7 Bc5 24. f3 h5 25. Kc2 h4 26. Bd6 Bxd6 27.
R1xd6 h3 28. gxh3 Rxf3 29. Rxa7 Nf8 30. Rd2 Rxh3 31. Nb5 Rc5 32. Rg2 Rh7 33.
Nd4 Rch5 34. Kc3 Rxh2 35. Raxg7+ Rxg7 36. Rxh2 Rg4 37. Re2 Kf7 38. Kxc4 Nd7 39.
Nc6 Ke8 40. Kd4 Nb6 41. b4 Rg1 42. Kc5 Nc8 43. Rd2 Kf7 44. Rd8 Ne7 45. Rd7 1-0

[Event "Bundesliga 9798"]
[Site "Deutschland"]
[Date "1997.??.??"]
[Round "?.7"]
[White "Herbrechtsmeier, Christof"]
[Black "Schmidt, Peter"]
[Result "1/2-1/2"]
[WhiteElo "2280"]
[BlackElo "2410"]
[PlyCount "47"]
[EventDate "1997.10.??"]
[EventType "team"]
[EventRounds "15"]
[EventCountry "GER"]
[SourceTitle "Bundesliga 9798"]
[Source "DeepChess"]
[SourceDate "2005.01.01"]
[SourceVersion "1"]
[SourceVersionDate "2005.01.01"]
[SourceQuality "1"]
[WhiteTeam "SK Zaehringen 1921"]
[BlackTeam "SK Passau 1869"]
[WhiteTeamCountry "GER"]
[BlackTeamCountry "GER"]

1. e4 c6 2. c4 d5 3. cxd5 cxd5 4. exd5 Nf6 5. Bb5+ Nbd7 6. Nc3 a6 7. Qa4 Rb8 8.
Bxd7+ Qxd7 9. Qf4 Ra8 10. Qd4 Qg4 11. Qxg4 Bxg4 12. f3 Bc8 13. a4 g6 14. d4 Bg7
15. Bf4 O-O 16. Bc7 Bd7 17. Bb6 Rfc8 18. Nge2 Be8 19. Kf2 Nd7 20. Ba5 Bf8 21.
Ne4 b6 22. Bd2 f5 23. N4c3 Nf6 24. Nf4 1/2-1/2

[Event "Bundesliga 9798"]
[Site "Deutschland"]
[Date "1997.??.??"]
[Round "?.8"]
[White "Schlingensiepen, Christian"]
[Black "Vatter, Hans Joachim"]
[Result "1-0"]
[WhiteElo "2300"]
[BlackElo "2265"]
[PlyCount "91"]
[EventDate "1997.10.??"]
[EventType "team"]
[EventRounds "15"]
[EventCountry "GER"]
[SourceTitle "Bundesliga 9798"]
[Source "DeepChess"]
[SourceDate "2005.01.01"]
[SourceVersion "1"]
[SourceVersionDate "2005.01.01"]
[SourceQuality "1"]
[WhiteTeam "SK Passau 1869"]
[BlackTeam "SK Zaehringen 1921"]
[WhiteTeamCountry "GER"]
[BlackTeamCountry "GER"]

1. e4 e5 2. Nf3 Nc6 3. Bc4 Nf6 4. d3 Bc5 5. c3 Bb6 6. O-O d6 7. Nbd2 h6 8. Bb3
Be6 9. Nc4 Qe7 10. a4 Bxc4 11. Bxc4 a5 12. Kh1 g5 13. Be3 Nd7 14. Nd2 Qf6 15.
Bb5 Qe6 16. Nc4 f5 17. d4 exd4 18. cxd4 Qxe4 19. d5 Bxe3 20. dxc6 bxc6 21. Re1
cxb5 22. Rxe3 bxc4 23. Rxe4+ fxe4 24. Qd5 Nb6 25. Qxe4+ Kd7 26. f4 gxf4 27.
Qxf4 Raf8 28. Qg4+ Kc6 29. h3 Rf6 30. Qh5 d5 31. Re1 Rd8 32. Qe5 Rfd6 33. Qc3
Nxa4 34. Qxa5 Nb6 35. b3 cxb3 36. Qc3+ Kb7 37. Qxb3 d4 38. Qf3+ Rd5 39. Qd3
R8d6 40. g4 Rc6 41. Ra1 Rc3 42. Qa6+ Kc6 43. Qf1 d3 44. Qf6+ Kb5 45. Qxc3 d2
46. Ra5# 1-0